000 00658nam a2200277Ia 4500
005 20260324134243.0
008 008 260324s9999 xx 000 0 eng d
020 _a9781315190280
037 _aEBOOK
040 _aCRL
040 _beng
040 _cCRL
041 _2eng
041 _aeng
084 _qCRL
100 _aJames Somerville
_91196139
245 4 _aThe Epistemological Significance of the Interrogative
260 _bTaylor and Francis
260 _c2002
365 _a
365 _b205
856 _uhttp://www.taylorfrancis.com/books/9781315190280
942 _cEBOOK
999 _c1796020
_d1796020